| 000 | 00558nam a2200205Ia 4500 | ||
|---|---|---|---|
| 005 | 20250425161827.0 | ||
| 008 | 250425s9999 xx 000 0 und d | ||
| 020 | _a99788203x | ||
| 041 | _aspa | ||
| 082 | _a341.02636 | ||
| 245 | 0 | _aLEY DE REGIMEN MONETARIO Y BANCO DEL ESTADO | |
| 250 | _a18A ED. | ||
| 260 |
_aEcuador _bCORPORACION DE ESTUDIOS Y PUBLICACIONES _c1996 |
||
| 260 | _aS.L. | ||
| 300 | _a60 | ||
| 500 | _av. 7-1 actualizada a julio de 1996 | ||
| 650 | _aLEY DE REGIMEN MONETARIO Y BANCO DEL ESTADO | ||
| 942 | _c01 | ||
| 010 | _a31339 | ||
| 999 |
_c216914 _d216914 |
||